000 00746nam a2200253Ia 4500
001 Para_3257
003 CHAP
008 220125s1928 xx 000 0 und d
010 _a201719
040 _cCHAP
090 _aPA R-101
100 _aWeimer, J. L.
_9121365
245 _aA Wilt disease of alfalfa caused by Fusarium oxisporum var. medicaginis, N. Var. /
_c J. L. Weimer
260 _a:
_b
500 _aSobretiro de: Journal of Agricultural Research 37 (7): 419-433, 1928
650 _aAlfalfa
_x Enfermedades Fusarium oxysporum
_9166650
901 _aPA R-101
902 _aA
905 _a0000001928 0000000000 00
910 _a1928
942 _cPARA
942 _cPARA
_d1
999 _c201719
_d201719